Catálogo
 En Linea

Las maravillas del mundo y del hombre. (Registro nro. 1323)

Detalles MARC
000 -CABECERA
campo de control de longitud fija 00537cam a2200181u 4500
001 - NÚMERO DE CONTROL
campo de control 000001402
005 - FECHA Y HORA DE LA ÚLTIMA TRANSACCIÓN
campo de control 20200929145552.0
008 - DATOS DE LONGITUD FIJA--INFORMACIÓN GENERAL
campo de control de longitud fija 860227q19uu cu a 001 0 spa d
040 ## - FUENTE DE LA CATALOGACIÓN
Centro catalogador/agencia de origen DO-SdBNP
Lengua de catalogación spa
Centro/agencia transcriptor BNPHU
082 ## - NÚMERO DE LA CLASIFICACIÓN DECIMAL DEWEY
Número de clasificación xxx
Número de documento/Ítem M311m
245 04 - MENCIÓN DE TÍTULO
Título Las maravillas del mundo y del hombre.
260 ## - PUBLICACIÓN, DISTRIBUCIÓN, ETC.
Lugar de publicación, distribución, etc. La Habana :
Nombre del editor, distribuidor, etc. González Porto,
Fecha de publicación, distribución, etc. [190-?].
300 ## - DESCRIPCIÓN FÍSICA
Extensión v :
Otras características físicas il ;
Dimensiones 28 cm.
500 ## - NOTA GENERAL
Nota general La biblioteca posee el tomo de Europa
500 ## - NOTA GENERAL
Nota general Incluye índice
500 ## - NOTA GENERAL
Nota general Incluye nota al pie de las páginas
650 #0 - PUNTO DE ACCESO ADICIONAL DE MATERIA--TÉRMINO DE MATERIA
Término de materia o nombre geográfico como elemento de entrada Geography.
9 (RLIN) 4696
Existencias
Estado de retiro Estado de pérdida Restricciones de uso No para préstamo Código de colección Localización permanente Ubicación/localización actual Ubicación en estantería Fecha de adquisición Número de inventario Total de préstamos Signatura topográfica completa Código de barras Fecha visto por última vez Número de copia Precio válido a partir de Tipo de ítem Koha
    Préstamo restringido Préstamo restrigido Monografías: Libros y Folletos General General Depósito 22.09.2009 LF1   xxx M311m 1402-10 25.06.2020 e. 1 25.06.2020 Préstamo interno

Con tecnología Koha